Nós portugueses (Record no. 43826)

MARC details
000 -Etiqueta do registo
Valores 00476nam a2200157 4500
100 ## - Dados gerais de processamento
Dados gerais 20241108 pory50
101 ## - Língua de publicação
Língua por
102 ## - País de publicação
País PT
200 ## - Titulo e menção de responsabilidade
Título próprio Nós portugueses
Primeira menção de responsabilidade Fundação Francisco Manuel dos Santos , RTP
Outras menções de responsabilidade co-aut. José Júdice , Alberta Marques Fernandes
-- reliz: Ricardo Espírito Santo
210 ## - Publicação
Local de publicação [S.l.]
Nome do editor Terra Líquida filmes
Data de publicação [cop. 2011]
215 ## - Descrição física 
Paginação / Volumes 1 DVD
675 ## - CDU
Notação 304(469)
801 ## - Fonte de origem
País PT
Regras de catalogação RPC
990 ## - Elementos KOHA
Tipo de documento Filme DVD
Holdings
Aquisição Empréstimo Código de barras Cota Permissão de empréstimo Tipo de documento Nota relativa ao exemplar
Biblioteca Escolar Doutor Hernâni Cidade Biblioteca Escolar Doutor Hernâni Cidade 80525 DOC FUN M.S.   Livro 261 e 262 Documentário sobre Portugal
Biblioteca Escolar Doutor Hernâni Cidade Biblioteca Escolar Doutor Hernâni Cidade 80526 DOC FUN M.S.   Filme DVD 261 e 262 Documentário sobre Portugal

Powered by Koha